000
00225 a2200097 4500
001
44454
100
_a
Chen
245
_a
Comparative Development of India & China
260
_a
New York
_b
Free Press
_c
090
_c
28167
_d
28167
942
_a
NUST-CAE
_c
M
_c
20188
999
_c
279527
_d
279527